[Event "AUTO-OPEN-3368"]
[Site "http://www.queenalice.com/game.php?id=1317925"]
[Date "2014.10.26"]
[Round "1"]
[White "chaosagent"]
[Black "francksc"]
[Result "1-0"]
[WhiteElo "1822"]
[BlackElo "1687"]

1. d4 d5 2. c4 c6 3. Nf3 e6 4. e3 Nf6 5. Nc3 Bb4 6. Bd2 O-O 7. a3 Bxc3 8. Bxc3
Ne4 9. Bd2 f6 10. Bd3 Ng5 11. O-O e5 12. Nxg5 fxg5 13. dxe5 g4 14. g3 b5 15.
cxb5 cxb5 16. Bxb5 a6 17. Be2 Nc6 18. Bxg4 Nxe5 19. Bxc8 Qxc8 20. Bc3 Nf3+ 21.
Kg2 Qd7 22. Qd3 a5 23. Rfd1 Rf5 24. g4 Nh4+ 25. Kg3 Qd6+ 26. Kxh4 Rf3 27. Qxd5+
Qxd5 28. Rxd5 Rxf2 29. Kg3 Rf7 30. Rxa5 h6 31. Rxa8+ Kh7 32. e4 g5 33. Re1 Kg6
34. e5 h5 35. e6 Rf4 36. gxh5+ Kxh5 37. Rh8+ Kg6 38. e7 1-0

[Event "AUTO-OPEN-3368"]
[Site "http://www.queenalice.com/game.php?id=1317926"]
[Date "2014.10.26"]
[Round "1"]
[White "francksc"]
[Black "chaosagent"]
[Result "1-0"]
[WhiteElo "1680"]
[BlackElo "1821"]

1. e4 e5 2. Nf3 Nc6 3. c3 Nf6 4. d3 Be7 5. d4 Nxe4 6. Qe2 d5 7. dxe5 Bg4 8. c4
Nxe5 9. Nbd2 O-O 10. cxd5 Qxd5 11. Nxe4 Nd3+ 12. Qxd3 Rad8 13. Qxd5 Rxd5 14.
Nfd2 Bb4 15. Be2 Bxe2 16. Kxe2 Re8 17. Rd1 Bxd2 18. Bxd2 Rxe4+ 19. Kf1 Red4 20.
Re1 Kf8 21. Bc3 Rd3 22. a4 b6 23. Rac1 Rd7 24. Re3 R3d5 25. Rce1 f6 26. b4 Kf7
27. b5 Rc5 28. g4 Rc4 29. h3 Rxa4 30. f3 Kf8 31. Kg2 Rc4 32. Rc1 Rc5 33. Bb4 1-0

[Event "AUTO-ADV-3271"]
[Site "http://www.queenalice.com/game.php?id=1317951"]
[Date "2014.10.26"]
[Round "1"]
[White "lesoleil"]
[Black "chaosagent"]
[Result "0-1"]
[WhiteElo "1846"]
[BlackElo "1803"]

1. d4 Nf6 2. c4 g6 3. Nc3 Bg7 4. Nf3 d5 5. e3 O-O 6. Bd3 Re8 7. O-O a6 8. cxd5
Nxd5 9. e4 Nxc3 10. bxc3 e6 11. Qa4 Bd7 12. Qb3 Bc6 13. Re1 b5 14. Ba3 Nd7 15.
e5 Nb6 16. Ng5 Bd5 17. Nxf7 Kxf7 18. Qd1 Bf8 19. Bb4 Qg5 20. f3 Rac8 21. Rf1 Kg8
22. Be4 Bxb4 23. cxb4 Bc4 24. Rf2 Qe3 25. a3 Na4 26. Rc1 Red8 27. Rxc4 bxc4 28.
Qxa4 Qxd4 29. Bb7 Qd1+ 30. Qxd1 Rxd1+ 31. Rf1 Rxf1+ 32. Kxf1 Rd8 33. Ke2 c3 34.
Be4 Rd2+ 0-1

[Event "AUTO-ADV-3271"]
[Site "http://www.queenalice.com/game.php?id=1317952"]
[Date "2014.10.26"]
[Round "1"]
[White "chaosagent"]
[Black "lesoleil"]
[Result "0-1"]
[WhiteElo "1798"]
[BlackElo "1859"]

1. e4 c5 2. Nf3 Nc6 3. d4 cxd4 4. Nxd4 e5 5. Nb5 a6 6. N5c3 Bb4 7. a3 Ba5 8. Bc4
Nf6 9. b4 Bb6 10. O-O d6 11. h3 Bd4 12. Bg5 h6 13. Bh4 g5 14. Bg3 Qc7 15. Qd3
Bd7 16. Nd2 Nh5 17. Rad1 Bxc3 18. Qxc3 Nd4 19. Bh2 Ne2+ 0-1

[Event "AUTO-ADV-3271"]
[Site "http://www.queenalice.com/game.php?id=1317971"]
[Date "2014.10.26"]
[Round "1"]
[White "chaosagent"]
[Black "agilulfo"]
[Result "0-1"]
[WhiteElo "1761"]
[BlackElo "1980"]

1. e4 c5 2. Nf3 d6 3. d4 cxd4 4. Nxd4 Nf6 5. Nc3 g6 6. Bc4 Bg7 7. O-O Nc6 8. Be3
O-O 9. Re1 Bd7 10. h3 a6 11. a3 b5 12. Bd3 Rc8 13. Nf3 b4 14. axb4 Nxb4 15. e5
Nxd3 16. Qxd3 dxe5 17. Rxa6 e4 18. Nxe4 Nxe4 19. Qxe4 Bxb2 20. Rd1 Qc7 21. Ra7
Bf5 22. Qb4 Qxc2 23. Rd2 Qc1+ 24. Kh2 Bc3 25. Qxe7 Bxd2 26. Bxd2 Qc5 27. Qxc5
Rxc5 28. Bb4 Rc2 29. Bxf8 Kxf8 30. Kg3 Rc3 31. Kf4 Kg7 32. Ne5 Be6 33. f3 Rc5
34. Ke4 Rc2 35. Nd3 Re2+ 36. Kf4 Rxg2 0-1

[Event "AUTO-ADV-3271"]
[Site "http://www.queenalice.com/game.php?id=1317972"]
[Date "2014.10.26"]
[Round "1"]
[White "agilulfo"]
[Black "chaosagent"]
[Result "1-0"]
[WhiteElo "1945"]
[BlackElo "1821"]

1. d4 d5 2. c4 c6 3. Nc3 dxc4 4. e4 b5 5. Nf3 Bg4 6. Be2 e6 7. O-O Bb4 8. a3
Bxc3 9. bxc3 Nf6 10. Bg5 h6 11. Bh4 Nbd7 12. Rb1 O-O 13. Re1 Qa5 14. Qc1 Qxa3
15. Qxa3 Nxe4 16. Ne5 Bf5 17. Nxd7 1-0

[Event "V2 Tournament"]
[Site "http://www.queenalice.com/game.php?id=1319365"]
[Date "2014.10.31"]
[Round "1"]
[White "chaosagent"]
[Black "kuntakinte"]
[Result "1-0"]
[WhiteElo "1787"]
[BlackElo "1796"]

1. e4 e5 2. Nf3 d6 3. d4 Bg4 4. dxe5 a6 5. exd6 cxd6 6. h3 Bh5 7. Be2 Bg6 8. Nc3
Nc6 9. Bf4 Be7 10. Bd3 f6 11. O-O Bh5 12. Nd5 Qd7 13. a3 Rd8 14. Re1 Nd4 15. g4
Nxf3+ 16. Qxf3 Bg6 17. Rad1 Nh6 18. Bxh6 gxh6 19. Nxf6+ Bxf6 20. Qxf6 Rf8 21.
Qd4 Rf4 22. Qe3 Rf6 23. Qxh6 Qf7 24. Qe3 Rf3 25. Qe2 Kf8 26. Kg2 Rf4 27. f3 Re8
28. Bc4 Qf6 29. Qd2 Rd8 30. Kg3 Rxf3+ 31. Kg2 Rf4 32. Rf1 Rxf1 33. Rxf1 Bf5 34.
Rxf5 Qxf5 35. exf5 b5 36. Qh6+ Ke8 37. Qe6+ 1-0

[Event "V2 Tournament"]
[Site "http://www.queenalice.com/game.php?id=1328531"]
[Date "2014.12.16"]
[Round "2"]
[White "tewald"]
[Black "chaosagent"]
[Result "0-1"]
[WhiteElo "1970"]
[BlackElo "1799"]

1. d4 d5 2. Bf4 Nf6 3. e3 e6 4. Nd2 h6 5. h3 Nc6 6. Ngf3 Bd6 7. Bh2 O-O 8. Ne5
Bxe5 9. dxe5 Nd7 10. f4 a5 11. Qg4 Re8 12. e4 Nd4 13. O-O-O Nb6 14. Bg1 Nc6 15.
exd5 exd5 16. Ne4 Bxg4 17. hxg4 Qe7 18. Ng3 Qb4 19. Nf5 Qxf4+ 20. Be3 Qxg4 21.
Bd3 Rxe5 22. Nxh6+ gxh6 23. Bxh6 Rh5 0-1

[Event "V2 Tournament"]
[Site "http://www.queenalice.com/game.php?id=1335165"]
[Date "2015.1.16"]
[Round "3"]
[White "chaosagent"]
[Black "Poison"]
[Result "0-1"]
[WhiteElo "1843"]
[BlackElo "2282"]

1. e4 e5 2. Nf3 Nc6 3. Bb5 a6 4. Ba4 Nf6 5. O-O Be7 6. Bxc6 dxc6 7. Nc3 Bg4 8.
d3 Nd7 9. h3 Bh5 10. Bd2 Bd6 11. g4 Bg6 12. Bg5 f6 13. Be3 Bf7 14. Nh4 g6 15.
Ng2 h5 16. f3 Be6 17. d4 exd4 18. Bxd4 hxg4 19. fxg4 Rxh3 20. Kf2 Bg3+ 21. Ke2
Bxg4+ 0-1

[Event "AUTO-ADV-3353"]
[Site "http://www.queenalice.com/game.php?id=1340976"]
[Date "2015.2.12"]
[Round "1"]
[White "chaosagent"]
[Black "raven225"]
[Result "0-1"]
[WhiteElo "1754"]
[BlackElo "1760"]

1. e4 c5 2. Nf3 d6 3. d4 cxd4 4. Nxd4 e5 5. Nf3 Nc6 6. Bc4 Be7 7. O-O Nf6 8. Nc3
O-O 9. Be3 Bg4 10. h3 Bh5 11. Be2 a6 12. g4 Bg6 13. Bd3 h6 14. Re1 Re8 15. Bb6
Qxb6 16. Rb1 Nd4 17. Nxd4 exd4 18. Na4 Qc6 19. b3 b5 20. Nb2 Nxe4 21. Qd2 Nxd2
22. Rbd1 Nf3+ 0-1

[Event "AUTO-ADV-3353"]
[Site "http://www.queenalice.com/game.php?id=1340977"]
[Date "2015.2.12"]
[Round "1"]
[White "raven225"]
[Black "chaosagent"]
[Result "1-0"]
[WhiteElo "1894"]
[BlackElo "1714"]

1. e4 c5 2. b3 Nc6 3. Bb2 e5 4. Nf3 Qc7 5. Nc3 Nf6 6. d3 Be7 7. Be2 O-O 8. O-O
b6 9. Nd5 Qd6 10. c4 h6 11. Re1 Ne8 12. Qc2 f5 13. Nd2 Nf6 14. Nxe7+ Qxe7 15.
Bf3 Bb7 16. Rad1 fxe4 17. dxe4 Rad8 18. Nf1 d6 19. Ng3 Qf7 20. Nf5 Ne7 21. Rxd6
Nxf5 22. Rxd8 Rxd8 23. exf5 Bxf3 24. gxf3 Qc7 25. Bxe5 Qc6 26. Kg2 Re8 27. Qc3
Kf7 28. Re3 Qc8 29. Qc2 Nd7 30. f4 Nxe5 31. fxe5 Qc7 32. Qc3 Qc6+ 33. f3 Qc8 34.
e6+ Kf8 35. Qe5 Qc6 36. Qg3 Re7 37. Qb8+ Qe8 38. Qf4 Kg8 39. Qg4 Qf8 40. Re4 Re8
41. Rf4 Qf6 42. Qh5 Qb2+ 43. Kg3 Qxa2 44. Qxe8+ 1-0

[Event "AUTO-ADV-3353"]
[Site "http://www.queenalice.com/game.php?id=1340978"]
[Date "2015.2.12"]
[Round "1"]
[White "chaosagent"]
[Black "Corvidae"]
[Result "0-1"]
[WhiteElo "1782"]
[BlackElo "1905"]

1. e4 c5 2. Nf3 Nc6 3. d4 cxd4 4. Nxd4 Nxd4 5. Qxd4 d6 6. Bc4 e6 7. O-O e5 8.
Qd3 Bd7 9. Qf3 Qf6 10. Qxf6 Nxf6 11. Nc3 Bc6 12. Re1 a6 13. Bg5 Be7 14. Bxf6
Bxf6 15. Bd5 Rc8 16. Rad1 O-O 17. Bxc6 Rxc6 18. Rd5 Be7 19. Red1 Rd8 20. g3 f6
21. R5d2 Kf7 22. Nd5 g5 23. Ne3 Bf8 24. Nf5 b5 25. c3 h5 26. Rd5 Ke6 27. Rc1
Rdc8 28. f3 Rc5 29. Rxc5 dxc5 30. Rd1 c4 31. Kf2 Rc6 0-1

[Event "AUTO-ADV-3353"]
[Site "http://www.queenalice.com/game.php?id=1340979"]
[Date "2015.2.12"]
[Round "1"]
[White "Corvidae"]
[Black "chaosagent"]
[Result "1-0"]
[WhiteElo "1916"]
[BlackElo "1771"]

1. d4 d5 2. c4 c6 3. Nf3 Nf6 4. Nc3 Bg4 5. h3 Bh5 6. e3 Nbd7 7. cxd5 cxd5 8. Be2
Bg6 9. Bb5 a6 10. Ba4 b5 11. Bc2 e6 12. Nh4 Bb4 13. O-O Bxc2 14. Qxc2 Rc8 15.
Qb3 Bxc3 16. bxc3 O-O 17. f3 Re8 18. g3 g6 19. Bd2 Nb6 20. Ng2 Na4 21. Rfc1 Qa5
22. Qb4 Qxb4 23. cxb4 Nb2 24. Rxc8 Rxc8 25. Rc1 Rxc1+ 26. Bxc1 Nd3 27. Bd2 Nd7
28. Ne1 Nb2 29. e4 Nc4 30. Bc3 Ndb6 31. e5 Na4 32. Ba1 Nab6 33. Nd3 1-0

[Event "AUTO-OPEN-3434"]
[Site "http://www.queenalice.com/game.php?id=1341017"]
[Date "2015.2.12"]
[Round "1"]
[White "chaosagent"]
[Black "twiddledeedum"]
[Result "0-1"]
[WhiteElo "1799"]
[BlackElo "1778"]

1. e4 e5 2. Nf3 d6 3. d4 exd4 4. Nxd4 Nf6 5. Nc3 c5 6. Nf3 Bg4 7. Be2 Nc6 8. h3
Bh5 9. O-O Qe7 10. Bd3 Nd4 11. g4 Bg6 12. Re1 O-O-O 13. Nd5 Nxd5 14. c4 Nb4 15.
Nxd4 cxd4 16. Bb1 Qe5 17. f4 Qe7 18. Qxd4 Nc6 19. Qd5 f6 20. f5 Bf7 21. Qd3 Ne5
22. Qd4 Nf3+ 0-1

[Event "AUTO-OPEN-3434"]
[Site "http://www.queenalice.com/game.php?id=1341018"]
[Date "2015.2.12"]
[Round "1"]
[White "twiddledeedum"]
[Black "chaosagent"]
[Result "1-0"]
[WhiteElo "1742"]
[BlackElo "1818"]

1. e4 e5 2. Nf3 Nc6 3. b3 Nf6 4. d3 d5 5. exd5 Nxd5 6. Bb2 Bg4 7. Be2 Bd6 8. h3
Bh5 9. Nbd2 O-O 10. Ne4 Re8 11. Qd2 Nf4 12. g4 Bg6 13. O-O-O h6 14. Nxd6 Qxd6
15. g5 hxg5 16. Nxg5 Qe7 17. h4 e4 18. Qxf4 exd3 19. Bxd3 Bh5 20. Rdg1 f6 21.
Ne4 Ne5 22. Nxf6+ Kh8 23. Nxh5 Rg8 24. Bxe5 1-0

[Event "AUTO-OPEN-3434"]
[Site "http://www.queenalice.com/game.php?id=1341019"]
[Date "2015.2.12"]
[Round "1"]
[White "chaosagent"]
[Black "massimo"]
[Result "0-1"]
[WhiteElo "1822"]
[BlackElo "1912"]

1. d4 d5 2. c4 Nf6 3. e3 e6 4. Nc3 Bb4 5. Bd2 O-O 6. a3 Bxc3 7. Bxc3 Ne4 8. Qc2
Nd7 9. cxd5 exd5 10. Bd3 Ndf6 11. Nf3 Bg4 12. Be2 Nxc3 13. Qxc3 Ne4 14. Qc2 c6
15. O-O Qd6 16. h3 Bf5 17. Qd1 Rae8 0-1

[Event "AUTO-OPEN-3434"]
[Site "http://www.queenalice.com/game.php?id=1341020"]
[Date "2015.2.12"]
[Round "1"]
[White "massimo"]
[Black "chaosagent"]
[Result "1-0"]
[WhiteElo "1839"]
[BlackElo "1725"]

1. e4 e5 2. Nf3 Nc6 3. Bb5 a6 4. Bxc6 dxc6 5. d3 Bd6 6. b3 Nf6 7. Bb2 O-O 8.
Nbd2 Re8 9. d4 Bg4 10. h3 Bh5 11. g4 Bg6 12. Nh4 Bxe4 13. f3 Bd5 14. O-O h6 15.
Nf5 exd4 16. Bxd4 Be5 17. Bxe5 Rxe5 18. f4 Re6 19. c4 Be4 20. Nxe4 Rxe4 21. g5
hxg5 22. fxg5 Nh7 23. Qxd8+ Rxd8 24. Rad1 Rxd1 25. Rxd1 Nxg5 26. Rd3 Re5 27. Nh4
Ne6 28. Nf3 Re2 29. a3 Nc5 30. Rd8+ Kh7 31. Ng5+ Kg6 32. Nf3 Re3 33. Kg2 Rxb3
34. Ne5+ Kf6 35. Ng4+ Ke7 36. Rd1 Rxa3 37. Re1+ Kf8 38. Rf1 Rc3 39. Ne5 1-0

[Event "AUTO-OPEN-3434"]
[Site "http://www.queenalice.com/game.php?id=1341021"]
[Date "2015.2.12"]
[Round "1"]
[White "chaosagent"]
[Black "ACamargo"]
[Result "0-1"]
[WhiteElo "1731"]
[BlackElo "1971"]

1. d4 d5 2. c4 e6 3. e3 Nf6 4. Nc3 Bb4 5. Bd2 Nc6 6. Nf3 h6 7. a3 Bxc3 8. Bxc3
b6 9. Be2 dxc4 10. Bxc4 O-O 11. O-O Ne4 12. Bd3 Nxc3 13. bxc3 Bb7 14. Be4 Rb8
15. c4 Ne7 16. Bc2 Kh8 17. Qd3 Ng6 18. Ne5 Qg5 19. f3 Rbd8 20. Nxg6+ fxg6 21.
Qxg6 Qxg6 22. Bxg6 Rf6 23. Bc2 g5 24. Rad1 a6 25. e4 h5 26. h3 Kg7 27. e5 Rff8
28. Rfe1 Rf4 29. d5 exd5 30. cxd5 g4 0-1

[Event "AUTO-OPEN-3434"]
[Site "http://www.queenalice.com/game.php?id=1341022"]
[Date "2015.2.12"]
[Round "1"]
[White "ACamargo"]
[Black "chaosagent"]
[Result "1-0"]
[WhiteElo "1964"]
[BlackElo "1738"]

1. d4 Nf6 2. c4 g6 3. Nc3 Bg7 4. e3 O-O 5. Nf3 d6 6. h3 Re8 7. Bd3 Nbd7 8. e4 e5
9. d5 c6 10. O-O cxd5 11. cxd5 a6 12. Be3 b5 13. a3 Nb6 14. Bxb6 Qxb6 15. b4 Bd7
16. Be2 Rac8 17. Qd3 Rc7 18. Rfc1 Rec8 19. Na2 Bh6 20. Rxc7 Rxc7 21. Nh2 Rc4 22.
Qf3 Rxe4 23. Nc3 Rd4 24. Rd1 Rxd1+ 25. Bxd1 Bf5 26. g4 Bc8 27. Qxf6 Bd2 28. Ne4
Bc1 29. Nxd6 1-0